|
|
|
|
| LEADER |
00940nam a2200205 a 4500 |
| 001 |
GR-MES307 |
| 008 |
991111s gr 000 0 gre d |
| 040 |
|
|
|a GrPaTEI
|b gre
|c GR-PaULI
|
| 245 |
0 |
0 |
|a Λίμνη Βεγορίτιδα. (Προβλήματα και προτάσεις για βελτίωση). :
|b Εργασία.
|
| 300 |
|
|
|a 40 σελ., πιν., διαγρ.
|
| 650 |
|
4 |
|a Λίμνη Βεγορίτιδα
|
| 700 |
1 |
|
|a Κουσουρής, Θ.
|
| 700 |
1 |
|
|a Κουτστουμπίδης, Ε.
|
| 700 |
1 |
|
|a Παπαχρήστου, Ε.
|
| 700 |
1 |
|
|a Φώτης, Γ.
|
| 710 |
2 |
|
|a Υπουργείο Βόρειας Ελλάδος Συμβούλιο προστασίας περιβάλλοντος
|
| 942 |
|
|
|2 ddc
|
| 952 |
|
|
|0 0
|1 0
|2 ddc
|4 0
|7 0
|9 263527
|a MSLG
|b MSLG
|c BSC
|d 2021-01-17
|e 24
|f 0
|g 0.00
|l 0
|p 2420000000142
|r 2021-01-17 00:00:00
|t 1
|w 2021-01-17
|y BK15
|x 19991111 0 1
|x GrPaTEI
|
| 971 |
|
|
|a .b25713486
|b 16-04-20
|c 13-09-16
|
| 999 |
|
|
|c 151705
|d 151705
|